| 000 | 00508nam a2200133 a 4500 | ||
|---|---|---|---|
| 008 | 120416s1970 ||||||||||||||||| || u | ||
| 050 | _aHB 501 Len | ||
| 100 | _aLenin, Vladimir I | ||
| 245 | 1 | 0 | _aImperialism, the highest stage of capitalism |
| 246 | _aa popular outline | ||
| 260 |
_aMoscow _bProgress Publishers _c1970 |
||
| 350 | _a0.00 | ||
| 995 |
_D0.00 _FCBU-MAIN LIBRARY (Kitwe) _H1 _I0.00 _M1 _UAVAILABLE _WOct 5, 2006 _ZAnnex Low-Usage Collection |
||
| 999 |
_c46416 _d46416 |
||